Statystyki dla Słówka po angielsku

Kliknij tutaj aby rozwiązać quiz!

Ogólne statystyki

  • Ten quiz został rozwiązany 4 razy
  • Średni wynik to 3 z 15

Statystyki odpowiedzi

HintOdpowiedź% Poprawnych
spacerować w kosmosiespacewalk
67%
transmitować w interneciestream
67%
myśleć nieszablonowothink outside the box
67%
archeologiaarchaeology
33%
astronomiaastronomy
33%
zjawisko naturalnenatural force
33%
układ nerwowynervous system
33%
podobać sie komusappeal to sb
0%
dziedzina naukiarea of science
0%
informatykacomputer science
0%
zajmującyengaging
0%
nauki humanistycznehumanities
0%
tablica interaktywnainteractive whiteboard
0%
językoznawstwolingustics
0%
prezentacja multimedialnamultimedia presentation
0%

Rozkład punktacji

Percentyl według liczby udzielonych odpowiedzi

Procent ludzi z każdym wynikiem

Twoja historia wyników

Nie rozwiązałeś tego quizu